[Event "ICS rated blitz match"]
[Site "207.99.83.227"]
[Date "1999.04.26"]
[Round "?"]
[White "Hossa"]
[Black "UBet"]
[Result "1-0"]
[WhiteElo "2488"]
[BlackElo "2212"]
[PlyCount "123"]

1. d4 Nf6 2. Nf3 e6 3. Bg5 c5 4. e4 h6 5. Bxf6 Qxf6 6. Nc3 cxd4 7. Qxd4 Qxd4 8.
Nxd4 a6 9. O-O-O Nc6 10. Nxc6 bxc6 11. e5 Rb8 12. Ne4 Bb4 13. c3 Be7 14. Bc4
O-O 15. f4 f5 16. Nd6 Bxd6 17. Rxd6 a5 18. h4 h5 19. Rg1 g6 20. Kc2 Kf7 21. b3
Ke7 22. a4 Rb6 23. b4 axb4 24. Rb1 b3+ 25. Rxb3 Rxb3 26. Kxb3 Bb7 27. Kb4 Ra8
28. g3 Ba6 29. Bxa6 Rxa6 30. a5 Kd8 31. c4 Kc7 32. Rd3 Ra8 33. Ra3 Ra6 34. c5
Kb7 35. Rd3 Kc7 36. Rd2 Kc8 37. Ra2 Kc7 38. Ra1 Kc8 39. Kc4 Kc7 40. Kb3 Kc8 41.
Ka4 Kc7 42. Ra3 Kc8 43. Rd3 Kc7 44. Rd6 Kc8 45. Rd1 Kc7 46. Kb4 Kc8 47. Rb1 Kc7
48. Rb2 Kc8 49. Rc2 Kc7 50. Ka4 Kc8 51. Ra2 Kc7 52. Rb2 Kc8 53. Rb6 Ra8 54. a6
Ra7 55. Kb4 Kc7 56. Ka5 Kc8 57. Rb3 Kc7 58. Rd3 Ra8 59. Rd2 Ra7 60. Rb2 Kc8 61.
Kb6 Ra8 62. a7 {UBet resigns} 1-0

[Event "ICS rated blitz match"]
[Site "207.99.83.227"]
[Date "1999.04.26"]
[Round "?"]
[White "Varguz"]
[Black "Hossa"]
[Result "1-0"]
[WhiteElo "2711"]
[BlackElo "2513"]
[Annotator "Crafty v16.6"]
[PlyCount "98"]

{annotating for player ossa using a scoring margin of +0.10 pawns. search time
limit is 10.00} 1. d4 1... d5 2. c4 dxc4 3. e4 e5 4. Nf3 exd4 5. Bxc4 Nc6 6.
O-O Be6 7. Bxe6 fxe6 8. Qb3 Qc8 9. Bf4 Nge7 10. Ng5 Nd8 11. Nd2 Ng6 12. Bg3 c5
({8:+0.41} 12... c5 13. Qd1 Be7 14. Nc4 Qc6 15. Qh5 d3 16. Ne5 $15) ({8:+0.60} 
12... Be7 13. Ngf3 Qd7 14. Nc4 c5 15. Qd3 Nc6 16. Rad1 $15) 13. Nc4 Qd7 14. e5
b5 15. Nd6+ Bxd6 16. exd6 O-O 17. a4 Rf5 18. h4 Nf4 19. Bxf4 Rxf4 20. Qg3 e5
21. Qb3+ c4 22. Qxb5 Qxd6 23. g3 Rf5 24. Qxc4+ Kh8 25. b4 Rb8 26. b5 Qd7 27.
Rac1 Nf7 28. Ne4 Rf3 29. Qc7 Rb7 30. Qc8+ Nd8 31. Qa8 Qe7 32. Nc5 Rc7 33. Qxf3
Rxc5 34. Rxc5 Qxc5 35. Re1 Kg8 36. Qa8 Qe7 37. f4 Qc7 38. Rxe5 Kf8 39. Rf5+ Ke7
40. Qe4+ Ne6 41. Re5 Qc1+ 42. Kg2 Qb2+ 43. Kh3 Qa2 44. f5 g6 45. Rxe6+ Qxe6 46.
Qxe6+ Kd8 47. f6 Kc7 48. f7 a5 49. Qc6+ Kb8 1-0

[Event "ICS rated blitz match"]
[Site "207.99.83.227"]
[Date "1999.04.26"]
[Round "?"]
[White "Hossa"]
[Black "omega15"]
[Result "0-1"]
[WhiteElo "2505"]
[BlackElo "2762"]
[Annotator "Crafty v16.6"]
[PlyCount "73"]

{annotating for player ossa using a scoring margin of +0.10 pawns. search time
limit is 10.00} 1. Nf3 1... d5 2. d4 Nf6 3. c4 e6 4. e3 Be7 5. cxd5 exd5 6.
Bb5+ c6 7. Bd3 O-O 8. O-O Bg4 9. Nc3 Qd6 10. Re1 Nbd7 11. Bd2 ({8:-0.29} 11.
Bd2 11... Rae8 12. Qe2 Bd8 13. h3 Bh5 14. Bf5 14... Bb6 $10) ({8:-0.05} 11. e4
11... Bxf3 12. Qxf3 dxe4 13. Bxe4 Rae8 14. Be3 Nxe4 15. Nxe4 Qd5 16. Qf4 $10)
11... Rae8 12. Rc1 c5 13. Be2 Ne4 14. dxc5 Ndxc5 15. Nd4 Nxf2 16. Ndb5 Qf6 17.
Qc2 Bxe2 18. Nxd5 Nh3+ 19. Kh1 Qf2 20. Rxe2 Qxe2 21. Nxe7+ Rxe7 22. Bb4 Qxb5
23. Bxc5 Rc8 24. Qf5 Nf2+ 25. Kg1 Re6 26. a4 Qxb2 27. Rf1 Nh3+ 28. Kh1 Qf6 29.
Qxf6 Rxf6 30. Rxf6 gxf6 31. Ba3 Rc3 32. Bb2 Rxe3 33. g3 Re1+ 34. Kg2 Re2+ 35.
Kxh3 Rxb2 36. g4 a5 37. g5 0-1

[Event "ICS rated blitz match"]
[Site "207.99.83.227"]
[Date "1999.04.26"]
[Round "?"]
[White "Hossa"]
[Black "JS"]
[Result "1-0"]
[WhiteElo "2499"]
[BlackElo "2179"]
[PlyCount "81"]

1. e4 e5 2. Nc3 Bc5 3. Nf3 d6 4. d4 exd4 5. Nxd4 Bd7 6. Nb3 Bb6 7. Bd3 Nf6 8.
Bg5 h6 9. Bh4 Nc6 10. Nd5 g5 11. Nxb6 axb6 12. Bg3 Qe7 13. O-O h5 14. f4 h4 15.
Be1 gxf4 16. Rxf4 O-O-O 17. Bxh4 Rh6 18. Qf1 Rxh4 19. Rxh4 Rg8 20. Rf4 Nh5 21.
Rxf7 Qe8 22. Be2 Ng7 23. Bc4 Be6 24. Rxg7 Bxc4 25. Rxg8 Qxg8 26. Qf6 Ne5 27.
Nd2 Bf7 28. Rf1 Kb8 29. Qe7 Qg6 30. Qd8+ Ka7 31. Qxc7 Qh6 32. Rf2 Ng4 33. Rxf7
Qxh2+ 34. Kf1 Qh1+ 35. Ke2 Qxg2+ 36. Kd1 Ne3+ 37. Ke1 Qg3+ 38. Ke2 Ka6 39.
Qxb7+ Kb5 40. a4+ Kxa4 41. Qa6+ {JS resigns} 1-0

[Event "ICS rated blitz match"]
[Site "207.99.83.227"]
[Date "1999.04.26"]
[Round "?"]
[White "SuperChicken"]
[Black "Hossa"]
[Result "1-0"]
[WhiteElo "2602"]
[BlackElo "2503"]
[Annotator "Crafty v16.6"]
[PlyCount "116"]

{annotating for player ossa using a scoring margin of +0.10 pawns. search time
limit is 10.00} 1. e4 1... e6 2. d4 d5 3. Nd2 Bb4 ({7:-0.38} 3... Bb4 4. c3 Be7
5. Qg4 Bf6 6. Ngf3 6... Nc6 $14) ({7:-0.14} 3... dxe4 4. Nxe4 Qd5 5. Qd3 Nd7 6.
Nf3 Bb4+ 7. c3 7... Ba5 $10) 4. c3 Be7 5. Bb5+ Nd7 ({8:-0.34} 5... Nd7 6. e5
Nh6 7. Ngf3 O-O 8. O-O Nf5 9. Qe2 $14) ({8:-0.17} 5... c6 6. Bd3 dxe4 7. Nxe4
Nf6 8. Nf3 O-O 9. O-O 9... Nbd7 $10) 6. exd5 exd5 7. Ngf3 Ngf6 8. O-O O-O 9.
Re1 Re8 10. Ng5 Bd6 11. Ndf3 Rxe1+ 12. Qxe1 h6 13. Nh3 Ne4 14. Nf4 c6 15. Bd3
Qe7 16. c4 Ng5 17. Qxe7 Nxf3+ 18. gxf3 Bxe7 19. cxd5 Nf6 20. dxc6 bxc6 21. Kg2
Bd7 22. Bd2 Rb8 23. b3 Bb4 24. Bxb4 Rxb4 25. Bc4 Bf5 26. Re1 g5 27. Ne2 Nd5 28.
f4 g4 29. Bxd5 cxd5 30. f3 Bd3 31. fxg4 Bxe2 32. Rxe2 Rxd4 33. Kg3 Kf8 34. f5
Rd1 35. f6 Rg1+ 36. Kf4 Rc1 37. Ke5 Rc6 38. Rd2 Re6+ 39. Kf5 Re1 40. Rxd5 Rf1+
41. Ke5 Re1+ 42. Kd4 Rd1+ 43. Kc5 Rc1+ 44. Kb5 Ke8 45. Re5+ Kd8 46. Re7 Rc7 47.
Rxc7 Kxc7 48. Ka6 Kd6 49. b4 Ke5 50. Kxa7 Kxf6 51. b5 Kg5 52. h3 Kh4 53. b6
Kxh3 54. b7 Kxg4 55. b8=Q f5 56. Qb4+ f4 57. Qe4 Kg5 58. a4 h5 1-0

[Event "ICS rated blitz match"]
[Site "207.99.83.227"]
[Date "1999.04.26"]
[Round "?"]
[White "Hossa"]
[Black "SuperChicken"]
[Result "0-1"]
[WhiteElo "2491"]
[BlackElo "2614"]
[Annotator "Crafty v16.6"]
[PlyCount "110"]

{annotating for player ossa using a scoring margin of +0.10 pawns. search time
limit is 10.00} 1. e4 1... e5 2. Nc3 Nf6 3. Nf3 Nc6 4. Bb5 Bb4 5. a3 Bxc3 6.
dxc3 Nxe4 7. Qe2 f5 8. Bxc6 bxc6 9. Nxe5 Qf6 10. Bf4 O-O 11. O-O ({8:-0.01} 11.
O-O 11... g5 12. Bg3 Nxg3 13. fxg3 Ba6 14. c4 Rae8 15. Rae1 $10) ({8:+0.41} 11.
Qc4+ 11... Kh8 12. O-O Rb8 13. Nd3 d5 14. Qa4 Rb7 15. Qd4 Qxd4 16. cxd4 $14)
11... g5 12. Bg3 Re8 13. Rae1 Rxe5 14. Bxe5 Qxe5 15. f3 Qc5+ 16. Kh1 Nf6 17.
Qd2 f4 18. Rg1 Ba6 19. g3 fxg3 20. Rxg3 h6 21. h4 Nh5 22. Rg2 Qd6 23. hxg5 Qxd2
24. Rxd2 hxg5 25. Rxd7 Be2 26. Kg2 Nf4+ 27. Kf2 Re8 28. Rxc7 Nh3+ 29. Kg3 Nf4
30. Rxc6 Re3 31. Rc8+ Kf7 32. Ra8 Kg6 33. Rxa7 Rxf3+ 34. Kg4 Nh5 35. Ra6+ Rf6+
36. Rxe2 Rxa6 37. Re1 Rf6 38. Rb1 Rf4+ 39. Kh3 Rf2 40. Kg4 Nf6+ 41. Kg3 Ne4+
42. Kg4 Rf4+ 43. Kh3 Rf3+ 44. Kg2 Rf2+ 45. Kg1 Rxc2 46. Re1 Kf5 47. b4 Nxc3 48.
Rf1+ Ke4 49. Re1+ Kf3 50. Kh1 Ne2 51. Rxe2 Rxe2 52. Kg1 Re1+ 53. Kh2 g4 54. b5
g3+ 55. Kh3 Rh1# 0-1

[Event "ICS Rated blitz match"]
[Site "207.99.83.227"]
[Date "1999.04.27"]
[Round "?"]
[White "Rabbit-Basher"]
[Black "Hossa"]
[Result "0-1"]
[WhiteElo "2357"]
[BlackElo "2480"]
[PlyCount "70"]

1. e4 c5 2. Nc3 Nc6 3. f4 e6 4. Nf3 d5 5. Bb5 Nf6 6. e5 Ng4 7. Bxc6+ bxc6 8. d3
Be7 9. O-O O-O 10. h3 Nh6 11. Qe1 Nf5 12. b3 Rb8 13. Na4 Bd7 14. c4 Nd4 15. Qd2
f6 16. Bb2 Nf5 17. Ba3 Ng3 18. Rfe1 dxc4 19. dxc4 Be8 20. Qf2 Nh5 21. Rad1 Qa5
22. Bxc5 Bxc5 23. Qxc5 Qxc5+ 24. Nxc5 Nxf4 25. exf6 Rxf6 26. Ne5 Rc8 27. Ne4
Rf8 28. Nd6 Rc7 29. Nxe8 Rxe8 30. Rd4 Rf8 31. Ree4 g5 32. h4 c5 33. Rd6 gxh4
34. Nf3 Rg7 35. Nxh4 35... Rg4 {Rabbit-Basher resigns} 0-1

[Event "ICS rated blitz match"]
[Site "207.99.83.227"]
[Date "1999.04.27"]
[Round "?"]
[White "gorgon"]
[Black "Hossa"]
[Result "0-1"]
[WhiteElo "2386"]
[BlackElo "2491"]
[PlyCount "74"]

1. e4 e5 2. Nf3 Nc6 3. Nc3 Nf6 4. Bb5 Bb4 5. O-O O-O 6. d3 d6 7. Bg5 a6 8. Bxf6
gxf6 9. Bxc6 bxc6 10. Nh4 Rb8 11. Qh5 Bxc3 12. bxc3 Rb2 13. Rac1 Rxa2 14. f4
Qe7 15. Rf3 exf4 16. Nf5 Bxf5 17. exf5 Kg7 18. Rh3 Rh8 19. Qh6+ Kg8 20. Qxf4 h5
21. Re3 Qd7 22. Rce1 Kf8 23. Qf2 Rg8 24. Re6 fxe6 25. fxe6 Qe7 26. c4 Rg5 27.
d4 Kg8 28. h4 Rg4 29. d5 Rxc4 30. Qg3+ Rg4 31. Qb3 Ra5 32. Qb8+ Kh7 33. Qc8
cxd5 34. Rb1 Qg7 35. Qd7 Rxg2+ 36. Kh1 Ra4 37. Qxg7+ 37... Rxg7 {gorgon resigns
} 0-1

[Event "ICS Rated blitz match"]
[Site "207.99.83.227"]
[Date "1999.04.27"]
[Round "?"]
[White "Hossa"]
[Black "totoff"]
[Result "1-0"]
[WhiteElo "2485"]
[BlackElo "2120"]
[PlyCount "61"]

1. Nf3 Nf6 2. d4 g6 3. Bf4 Bg7 4. Qd2 h6 5. e3 d6 6. Bb5+ c6 7. Bc4 Nbd7 8. O-O
O-O 9. Nc3 b5 10. Bb3 a6 11. a4 b4 12. Ne2 a5 13. Ba2 Bb7 14. c4 c5 15. d5 b3
16. Bxb3 Ba6 17. Nc3 Rb8 18. Nb5 Ne4 19. Qd3 f5 20. Nh4 Kh7 21. f3 Nef6 22. g4
Ne5 23. Bxe5 dxe5 24. Nxg6 Kxg6 25. Qxf5+ Kf7 26. Qe6+ Ke8 27. Bc2 Qb6 28. d6
Ng8 29. Bg6+ Kd8 30. dxe7+ Nxe7 31. Rad1+ {totoff resigns} 1-0

[Event "ICS rated blitz match"]
[Site "207.99.83.227"]
[Date "1999.04.27"]
[Round "?"]
[White "totoff"]
[Black "Hossa"]
[Result "1-0"]
[WhiteElo "2117"]
[BlackElo "2488"]
[Annotator "Crafty v16.6"]
[PlyCount "117"]

{annotating for player ossa using a scoring margin of +0.10 pawns. search time
limit is 10.00} 1. e4 1... c5 2. Nf3 e6 3. d4 Nc6 ({8:-0.50} 3... Nc6 4. d5
exd5 5. exd5 Na5 6. Qe2+ Qe7 7. Bd2 b6 8. Nc3 $14) ({8:-0.09} 3... cxd4 4. Nxd4
Nf6 5. Bd3 Bc5 6. Nb3 Bd6 7. O-O 7... O-O $10) 4. d5 Na5 5. c4 exd5 6. exd5 Bd6
7. Bd3 Nf6 8. O-O O-O 9. Nc3 Re8 10. Bg5 Be7 ({8:-1.18} 10... Be7 11. d6 Bxd6
12. Bxh7+ Kxh7 13. Qxd6 Qe7 14. Qd3+ Kg8 15. Nd5 $16) ({8:-0.59} 10... h6 11.
Bxf6 Qxf6 12. Ne4 Rxe4 13. Bxe4 Nxc4 14. b3 14... Qf4 $14) 11. d6 Bxd6 12. Nd5
Be7 13. Nxe7+ Rxe7 14. Bxf6 gxf6 15. Nh4 Re5 16. f4 f5 17. fxe5 Qxh4 18. Rxf5
Nxc4 19. Rh5 Qd4+ 20. Kh1 Nxb2 21. Bxh7+ Kf8 22. Qxd4 cxd4 23. Rb1 Na4 24. Rb4
Nc3 25. Rxd4 Nxa2 26. Be4 Nc3 27. Bf3 Nb5 28. Rh8+ Kg7 29. Rdh4 d6 30. R4h7+
Kg6 31. Be4+ Kg5 32. Rxf7 Be6 33. Rg7+ Kf4 34. Rxa8 Kxe4 35. exd6 Nxd6 36. Rxa7
Ke5 37. Raxb7 Nxb7 38. Rxb7 Kf4 39. Kg1 Bd5 40. Rb4+ Ke3 41. h4 Bf7 42. g4 Bd5
43. h5 Kf3 44. h6 Bg8 45. g5 Bh7 46. Rb7 Be4 47. Rf7+ Kg4 48. h7 Bg6 49. h8=Q
Bxf7 50. Qf6 Bg8 51. g6 Bb3 52. g7 Ba2 53. Qf8 Kh5 54. g8=Q Bxg8 55. Qxg8 Kh6
56. Kf2 Kh5 57. Kf3 Kh6 58. Kf4 Kh5 59. Qg5# 1-0

[Event "ICS rated blitz match"]
[Site "207.99.83.227"]
[Date "1999.04.27"]
[Round "?"]
[White "lito"]
[Black "Hossa"]
[Result "0-1"]
[WhiteElo "2073"]
[BlackElo "2459"]
[PlyCount "96"]

1. d4 e6 2. Nf3 Nf6 3. Bg5 Be7 4. Bxf6 Bxf6 5. e3 O-O 6. Bd3 d5 7. O-O c5 8. c3
c4 9. Bc2 Qb6 10. Qc1 Nc6 11. Nbd2 Kh8 12. Nb1 Ne7 13. Nbd2 Ng6 14. Nb1 Bd7 15.
Nbd2 Rad8 16. Nb1 Rg8 17. Nbd2 Rdf8 18. Nb1 Qd6 19. Nbd2 a5 20. Nb1 Ne7 21.
Nbd2 Qc7 22. Nb1 b5 23. Nbd2 b4 24. Bd1 Qd6 25. Nb1 Nf5 26. Nbd2 Nh4 27. Nb1
Nxf3+ 28. Bxf3 Bd8 29. g3 Bb6 30. Bg2 Qe7 31. Nd2 bxc3 32. bxc3 f5 33. Nb1 Qg5
34. Nd2 Qg4 35. Nb1 Rb8 36. Nd2 Bc7 37. Qc2 Qe2 38. Rfe1 Qd3 39. Qxd3 cxd3 40.
Rab1 Rgc8 41. Rec1 a4 42. Kf1 Rxb1 43. Rxb1 Ba5 44. Rb7 Bc6 45. Re7 Bb5 46. Nb1
d2+ 47. Kg1 d1=Q+ 48. Bf1 48... Qxf1# {lito checkmated} 0-1

[Event "ICS rated blitz match"]
[Site "207.99.83.227"]
[Date "1999.04.27"]
[Round "?"]
[White "Hossa"]
[Black "lito"]
[Result "1-0"]
[WhiteElo "2462"]
[BlackElo "2070"]
[PlyCount "21"]

1. e4 d6 2. d4 Nf6 3. Nc3 Ng8 4. Nf3 Nf6 5. Bd3 Ng8 6. O-O Nf6 7. e5 Ng8 8. Ng5
h6 9. Nxf7 Kxf7 10. Qh5+ Ke6 11. Bf5# {lito checkmated} 1-0

[Event "ICS rated blitz match"]
[Site "207.99.83.227"]
[Date "1999.04.27"]
[Round "?"]
[White "lito"]
[Black "Hossa"]
[Result "0-1"]
[WhiteElo "2067"]
[BlackElo "2465"]
[PlyCount "50"]

1. d4 Nf6 2. Nf3 e6 3. Bg5 d5 4. e3 Bd6 5. Bxf6 Qxf6 6. Bd3 Nd7 7. c3 e5 8.
dxe5 Nxe5 9. Nxe5 Bxe5 10. Nd2 Be6 11. Nf3 Bd6 12. Qc2 Qh6 13. O-O O-O 14. Bf5
g6 15. Bd3 Bg4 16. Rfe1 Bxf3 17. gxf3 Qxh2+ 18. Kf1 c5 19. c4 d4 20. e4 f5 21.
Ke2 fxe4 22. Bxe4 Rae8 23. Rh1 Qg2 24. Rag1 Qxf3+ 25. Kd2 25... Bf4+ {
lito resigns} 0-1

[Event "ICS rated blitz match"]
[Site "207.99.83.227"]
[Date "1999.04.27"]
[Round "?"]
[White "Hossa"]
[Black "totoff"]
[Result "1-0"]
[WhiteElo "2468"]
[BlackElo "2153"]
[PlyCount "69"]

1. e4 e6 2. Nf3 c5 3. Nc3 a6 4. d4 cxd4 5. Nxd4 Qc7 6. Bd3 Nc6 7. Be3 Nf6 8.
Qd2 Ng4 9. Bf4 d6 10. Nxc6 bxc6 11. Bg3 Rb8 12. Qg5 Ne5 13. Bxe5 dxe5 14. O-O-O
h6 15. Qe3 Bb4 16. Bc4 O-O 17. Qg3 Be7 18. h4 Rb4 19. Bb3 c5 20. Qg4 c4 21. Ba4
Qa5 22. Bd7 Bb7 23. Rh3 Rb6 24. Rg3 Bf6 25. a3 Rd8 26. Qh5 Kf8 27. Na4 Rb5 28.
Bxb5 Rxd1+ 29. Qxd1 axb5 30. Nc3 b4 31. Qd6+ Kg8 32. Qb8+ Kh7 33. Qxb7 Bxh4 34.
Qxb4 Qc7 35. Rf3 {totoff resigns} 1-0

[Event "ICS rated blitz match"]
[Site "207.99.83.227"]
[Date "1999.04.27"]
[Round "?"]
[White "totoff"]
[Black "Hossa"]
[Result "0-1"]
[WhiteElo "2149"]
[BlackElo "2472"]
[PlyCount "44"]

1. e4 e6 2. d4 d5 3. Nc3 dxe4 4. Nxe4 Qd5 5. Nc3 Bb4 6. Nge2 Qd7 7. a3 Ba5 8.
b4 Bb6 9. Ne4 Nc6 10. Be3 Nge7 11. c4 a6 12. c5 Ba7 13. f4 O-O 14. N2c3 Nf5 15.
Qd3 Nxe3 16. Qxe3 a5 17. Rb1 axb4 18. axb4 Rd8 19. Bb5 f5 20. Ng3 Qxd4 21. Kf2
Nxb4 22. Rxb4 22... Qxc5 {totoff resigns} 0-1

[Event "ICS rated blitz match"]
[Site "207.99.83.227"]
[Date "1999.04.27"]
[Round "?"]
[White "Angharad"]
[Black "Hossa"]
[Result "0-1"]
[WhiteElo "2086"]
[BlackElo "2476"]
[PlyCount "32"]

1. e4 c5 2. c3 e6 3. Nf3 d5 4. exd5 Qxd5 5. d4 Nc6 6. Bd3 Nf6 7. O-O Bd7 8. Be3
O-O-O 9. c4 Qh5 10. Nc3 Rg8 11. a3 Bd6 12. dxc5 Bxc5 13. b4 Bxe3 14. fxe3 Ng4
15. Qe1 Nce5 16. Qg3 16... Nxd3 {Angharad resigns} 0-1

[Event "ICS rated blitz match"]
[Site "207.99.83.227"]
[Date "1999.04.27"]
[Round "?"]
[White "SuperChicken"]
[Black "Hossa"]
[Result "1-0"]
[WhiteElo "2597"]
[BlackElo "2509"]
[Annotator "Crafty v16.6"]
[PlyCount "57"]

{annotating for player ossa using a scoring margin of +0.10 pawns. search time
limit is 10.00} 1. e4 1... c5 2. Nf3 Nc6 3. d4 cxd4 4. Nxd4 e5 5. Nb5 a6 6.
Nd6+ Bxd6 7. Qxd6 Qe7 8. Qd1 Nf6 9. Nc3 O-O 10. Bg5 Qb4 11. Bxf6 Qxb2 12. Nd5
gxf6 13. Bd3 f5 14. O-O fxe4 15. Qg4+ Kh8 16. Qf5 d6 17. Qf6+ Kg8 18. Qh6 f6
19. Bc4 Be6 20. Rab1 Qxb1 21. Nxf6+ Kf7 22. Rxb1 Bxc4 23. Rxb7+ Ne7 24. Nh5 Ke8
25. Qg7 Rf7 26. Nf6+ Kd8 27. Qh8+ Ng8 28. Qxg8+ Rf8 29. Qxf8# 1-0

[Event "ICS rated blitz match"]
[Site "207.99.83.227"]
[Date "1999.04.27"]
[Round "?"]
[White "ColonialPast"]
[Black "Hossa"]
[Result "0-1"]
[WhiteElo "2148"]
[BlackElo "2504"]
[PlyCount "40"]

1. e4 c5 2. Nf3 Nc6 3. d4 cxd4 4. Nxd4 Nf6 5. Nc3 e5 6. Ndb5 Bb4 7. a3 Bxc3+ 8.
Nxc3 Qa5 9. Bd2 Qb6 10. Rb1 O-O 11. Be3 Nd4 12. Be2 d6 13. O-O Nxe2+ 14. Qxe2
Qd8 15. Rfd1 Ne8 16. Rd2 Be6 17. Rbd1 Qh4 18. Nd5 Qxe4 19. Ne7+ Kh8 20. Qh5
20... Nf6 {ColonialPast resigns} 0-1

[Event "ICS rated blitz match"]
[Site "207.99.83.227"]
[Date "1999.04.27"]
[Round "?"]
[White "Hossa"]
[Black "ColonialPast"]
[Result "1-0"]
[WhiteElo "2508"]
[BlackElo "2144"]
[PlyCount "59"]

1. e4 c6 2. d4 d5 3. e5 Bf5 4. Nf3 e6 5. Bd3 Bxd3 6. Qxd3 Qa5+ 7. Bd2 Qa6 8.
O-O Qxd3 9. cxd3 h5 10. Nc3 Ne7 11. Rfe1 Nf5 12. Ne2 Nd7 13. Ng3 Nxg3 14. fxg3
Be7 15. Rf1 O-O-O 16. Ng5 Bxg5 17. Bxg5 f6 18. exf6 gxf6 19. Bxf6 Nxf6 20. Rxf6
Rde8 21. Re1 Kd7 22. Rf4 Re7 23. g4 h4 24. Kf2 h3 25. g3 Rg8 26. Re5 Kd6 27.
Rh5 Reg7 28. Kf3 c5 29. dxc5+ Kxc5 30. d4+ {ColonialPast resigns} 1-0

[Event "ICS rated blitz match"]
[Site "207.99.83.227"]
[Date "1999.04.27"]
[Round "?"]
[White "ColonialPast"]
[Black "Hossa"]
[Result "0-1"]
[WhiteElo "2140"]
[BlackElo "2512"]
[PlyCount "60"]

1. e4 e6 2. d4 d5 3. Nd2 dxe4 4. Nxe4 Qd5 5. Nc3 Qa5 6. Bd2 Qb6 7. Nf3 Qxb2 8.
Bc4 Qb4 9. Qe2 Qe7 10. O-O Nc6 11. Rab1 Nf6 12. Bg5 Na5 13. Bd3 Qd8 14. d5 Be7
15. Rfd1 Bd6 16. Bb5+ Kf8 17. Ne4 a6 18. Nxf6 gxf6 19. Bh6+ Kg8 20. Nh4 f5 21.
Qh5 axb5 22. Rd3 Nc4 23. Rbb3 Ra3 24. dxe6 fxe6 25. f4 Rxb3 26. axb3 Ne3 27.
Bg5 Qf8 28. Ng6 Qg7 29. Ne7+ Bxe7 30. Bxe7 30... Qxg2# {ColonialPast checkmated
} 0-1

[Event "ICS rated blitz match"]
[Site "207.99.83.227"]
[Date "1999.04.27"]
[Round "?"]
[White "Hossa"]
[Black "iccjunkie"]
[Result "1-0"]
[WhiteElo "2524"]
[BlackElo "2349"]
[PlyCount "53"]

1. e4 e6 2. d3 d5 3. Nd2 c5 4. Ngf3 Nc6 5. Be2 g6 6. Nb3 b6 7. Bg5 f6 8. Bf4 e5
9. Bg3 d4 10. O-O Bd6 11. Qd2 Be6 12. c3 Nge7 13. Qh6 Kf7 14. cxd4 cxd4 15.
Nfd2 Qf8 16. Qh4 Kg7 17. f4 exf4 18. Bxf4 Bxf4 19. Rxf4 g5 20. Qg3 Qb8 21. Raf1
Rf8 22. R4f3 Qxg3 23. Rxg3 Ng6 24. Bg4 Bxb3 25. Nxb3 Rad8 26. Bf5 Nf4 27. Rxf4
{iccjunkie resigns} 1-0

[Event "ICS rated blitz match"]
[Site "207.99.83.227"]
[Date "1999.04.27"]
[Round "?"]
[White "iccjunkie"]
[Black "Hossa"]
[Result "1-0"]
[WhiteElo "2340"]
[BlackElo "2533"]
[Annotator "Crafty v16.6"]
[PlyCount "95"]

{annotating for player ossa using a scoring margin of +0.10 pawns. search time
limit is 10.00} 1. c4 1... e5 2. Nf3 e4 3. Ng1 Nf6 4. d4 d5 ({8:+0.20} 4... d5
5. e3 Bb4+ 6. Bd2 Bxd2+ 7. Nxd2 O-O 8. cxd5 Qxd5 9. Bc4 Qg5 10. f4 10... Qxg2
$10) ({8:+0.62} 4... exd3 5. Qxd3 Be7 6. Nc3 O-O 7. Nf3 Nc6 8. Bg5 8... Bb4 $15
) 5. Bg5 dxc4 6. Nc3 Bb4 7. e3 Be6 8. Nh3 Bxc3+ 9. bxc3 Bxh3 10. gxh3 Qd5 11.
Bxf6 gxf6 12. Rg1 Nc6 ({9:+0.83} 12... Nc6 13. Qa4 O-O-O 14. Bxc4 Qf5 15. Rg3
Rhf8 16. Qb5 16... Qd7 $17) ({9:+1.17} 12... Nd7 13. Qa4 b5 14. Qc2 Nb6 15. Bg2
f5 16. O-O-O 16... Na4 $17) 13. Rb1 O-O-O 14. Qa4 Ne5 15. Be2 Nd3+ 16. Bxd3
cxd3 17. Qxa7 b6 18. Qa6+ Kb8 19. c4 Qa8 20. Qxa8+ Kxa8 21. Rg4 Rhg8 22. Rb5
Rxg4 23. hxg4 Rg8 24. h3 Kb7 25. a3 Rg5 26. Kd2 Kc6 27. Rxg5 fxg5 28. a4 h6 29.
f3 exf3 30. Kxd3 Kb7 31. e4 Ka6 32. e5 Ka5 33. d5 b5 34. axb5 f2 35. Ke2 h5 36.
Kxf2 hxg4 37. hxg4 Kb4 38. e6 fxe6 39. dxe6 Kxc4 40. e7 Kxb5 41. e8=Q+ Kb4 42.
Qc6 Kb3 43. Ke3 Kb4 44. Kd3 Ka5 45. Qb7 Ka4 46. Kc4 c5 47. Qb5+ Ka3 48. Qb3#
1-0

[Event "ICS rated blitz match"]
[Site "207.99.83.227"]
[Date "1999.04.27"]
[Round "?"]
[White "Hossa"]
[Black "Pikulis"]
[Result "1-0"]
[WhiteElo "2509"]
[BlackElo "2168"]
[PlyCount "23"]

1. e4 c5 2. Nf3 Nc6 3. d4 cxd4 4. Nxd4 e6 5. Nxc6 bxc6 6. Bd3 d5 7. exd5 cxd5
8. O-O Bd6 9. Qg4 Be5 10. Re1 Bf6 11. Qa4+ Qd7 12. Bb5 {Pikulis resigns} 1-0

[Event "ICS rated blitz match"]
[Site "207.99.83.227"]
[Date "1999.04.27"]
[Round "?"]
[White "Pikulis"]
[Black "Hossa"]
[Result "0-1"]
[WhiteElo "2164"]
[BlackElo "2513"]
[PlyCount "72"]

1. e4 e6 2. d4 d5 3. Nc3 dxe4 4. Nxe4 Qd5 5. Nc3 Bb4 6. Qd3 Nf6 7. Bd2 Bxc3 8.
Bxc3 Nc6 9. Nf3 Ne4 10. Be2 O-O 11. O-O a5 12. Be1 Nb4 13. Qb3 Qxb3 14. cxb3 c6
15. a3 Nc2 16. Rc1 Nxe1 17. Rfxe1 Rd8 18. Bc4 Nf6 19. a4 Rd6 20. Rcd1 Bd7 21.
Ne5 Rd8 22. Rd2 c5 23. Red1 Bc6 24. Nxc6 bxc6 25. f3 cxd4 26. Kf2 c5 27. Bb5 h5
28. g3 g6 29. Bc4 Rb6 30. Rd3 Nd5 31. h3 Ne3 32. R1d2 Nxc4 33. bxc4 Rdb8 34. f4
Rxb2 35. Kf3 Rxd2 36. Rxd2 36... Rb4 {Pikulis resigns} 0-1

[Event "ICS rated blitz match"]
[Site "207.99.83.227"]
[Date "1999.04.27"]
[Round "?"]
[White "Hossa"]
[Black "Pikulis"]
[Result "1/2-1/2"]
[WhiteElo "2517"]
[BlackElo "2160"]
[PlyCount "165"]

1. e4 c5 2. Nc3 Nc6 3. Nge2 g6 4. d4 cxd4 5. Nxd4 Bg7 6. Be3 d6 7. Bb5 Bd7 8.
Qd2 Nxd4 9. Bxd4 Nf6 10. Bxd7+ Qxd7 11. Nd5 O-O 12. Nxf6+ Bxf6 13. Bxf6 exf6
14. O-O Rfe8 15. f3 f5 16. Rad1 Rac8 17. Qd3 Qa4 18. Qb3 Qxb3 19. cxb3 fxe4 20.
Rxd6 exf3 21. Rxf3 Rc2 22. h4 Re1+ 23. Kh2 Re7 24. a3 Rxb2 25. a4 Ree2 26. Rg3
Re4 27. Kh3 Rb4 28. Rdd3 Rb1 29. Rgf3 Rh1+ 30. Kg3 f5 31. Rd8+ Kg7 32. Ra8 a6
33. Re8 Rhxh4 34. Kf2 b5 35. axb5 Rxb5 36. Re7+ Kf6 37. Rc7 a5 38. Rc6+ Ke5 39.
Re3+ Re4 40. Rh3 h5 41. Rxg6 Reb4 42. Re3+ Kd5 43. Rf6 Rxb3 44. Rxb3 Rxb3 45.
Rxf5+ Kc4 46. Rxa5 Kd4 47. Rxh5 Ke4 48. Rg5 Kf4 49. Rg7 Kf5 50. g3 Kf6 51. Rg4
Kf5 52. Rg8 Kf6 53. g4 Ra3 54. Kg2 Kf7 55. Rg5 Kf6 56. Rd5 Kg6 57. g5 Rb3 58.
Re5 Ra3 59. Rb5 Rc3 60. Ra5 Rb3 61. Rc5 Rd3 62. Kh2 Rb3 63. Re5 Ra3 64. Kg2 Rb3
65. Ra5 Rd3 66. Rc5 Rb3 67. Kf2 Ra3 68. Re5 Rb3 69. Ke2 Rc3 70. Kd2 Ra3 71. Rd5
Rb3 72. Ra5 Rh3 73. Rb5 Rg3 74. Rd5 Ra3 75. Ke2 Rb3 76. Rc5 Rh3 77. Rb5 Ra3 78.
Kf2 Rh3 79. Ra5 Rc3 80. Ke2 Rh3 81. Rb5 Ra3 82. Rc5 Rh3 83. Rb5 {
Game drawn by repetition} 1/2-1/2